| 000 | 00484nam a22001817a 4500 | ||
|---|---|---|---|
| 999 |
_c165311 _d165311 |
||
| 005 | 20190613161323.0 | ||
| 010 | _aENG-125579 | ||
| 020 |
_a9789386050403 _c399.00 |
||
| 035 | _aEN-109111 | ||
| 037 | _bDBAD/PUB | ||
| 082 | _aN | ||
| 100 | _aSonmez, Burhan | ||
| 245 |
_aIstanbul istanbul _cby Ananda Gopal Gupta |
||
| 260 |
_aNew Delhi _bSpeaking Tiger Publishers |
||
| 270 |
_a4381/4, Ansari Road _bNew Delhi _e110002 |
||
| 300 |
_a252p. _c20cm(pbk) |
||
| 942 |
_2ddc _cEN _hN _mSON |
||